01849nam a2200361 i 4500001001000000003000900010005001700019007000300036008004100039040003000080082002700110100004500137245010400182264003600286300002800322336002700350337003300377338002800410490003600438500004600474504003000520590002700550650006300577650004200640651004900682910003700731942001400768952013900782952014500921952014901066952025501215999001701470000021770DO-SdBNP20241022133235.0ta100913s1997 dr 000 0 spa d aDO-SdBNPbspacBNPHUerda 4a306.4097293bS127a2221 a Sáez , José Luisd1937-eautor962010aApuntes para la historia de la cultura dominicana /cJosé Luis Saez ; presentación, Jorge Cela. aSanto Domingo :bBúho,c1997. a117 páginas ;c21 cm. 2rdacontentatextobtxt 2rdamediaasin mediaciónbn 2rdacarrieravolumenbnc aCentro de Estudios Sociales;v8 aIncluye notas al final de los capítulos aBibliografía : p. 87-90 aInventariado, 2018/MFF 4aIdentidad culturalzRepública DominicanaxHistoria91951 4aCulturazRepública Dominicana91983 4aRepública DominicanaxCivilización97739 aValidado. Control de calidad MFF 2ddccLBS1 00102ddc51708PDaBNPHUbBNPHUcHDd2010-09-13l0oBNPHU PD 306.4097293 S127ap21770-10r2020-06-25w2020-06-25yLBS1ZNo se presta 00102ddc51708PDaBNPHUbBNPHUcHDd2018-11-21l0oBNPHU PD 306.4097293 S127ap21770-20r2020-06-25te. 2w2020-06-25yLBS1ZNo se presta 00102ddc56708DSaBNPHUbBNPHUcHDd2024-01-31eDonado por INTECl0oBNPHU DS 306.4097293 S127ap2024-0506r2024-01-31te.3w2024-01-31yLBS1 00102ddc56708DSaBNPHUbBNPHUcCTd2024-10-22eDonado por la Presidencia de la República Dominicana 2023l0oBNPHU DS 306.4097293 S127ap2024-6074r2024-10-22te.4w2024-10-22yLBS1zPertenecio a la biblioteca personal de Emilio Cordero Michel c21269d21269